[Event "Cap d'Agde op"]
[Site "Cap d'Agde"]
[Date "2006.10.29"]
[Round "4"]
[White "Acquart, Alexis"]
[Black "Dauphin, Thomas"]
[Result "1/2-1/2"]
[WhiteElo "1953"]
[BlackElo "2010"]
[PlyCount "46"]
[EventDate "2006.10.26"]
[EventType "swiss"]
[EventRounds "9"]
[EventCountry "FRA"]
[SourceTitle "EXT 2007"]
[Source "ChessBase"]
[SourceDate "2006.11.23"]
[SourceVersion "1"]
[SourceVersionDate "2006.11.23"]
[SourceQuality "1"]

1. e4 d5 2. exd5 Qxd5 3. Nc3 Qa5 4. d4 c6 5. Nf3 Nf6 6. Bd2 Qc7 7. Bd3 Bg4 8. h3 Bxf3 9. Qxf3 e6 10. Ne2 Nbd7 11. a3 Be7 12. 0-0 0-0 13. Ng3 Rfe8 14. Rfe1 Rad8 15. Ne4 e5 16. dxe5 Nxe5 17. Qg3 Nh5 18. Qe3 Nxd3 19. cxd3 Bf6 20. Nxf6+ Nxf6 21. Qxa7 Rxd3 22. Rxe8+ Nxe8 23. Re1 Nf6 1/2-1/2

[Event "Cap d'Agde op"]
[Site "Cap d'Agde"]
[Date "2006.10.28"]
[Round "3"]
[White "Acquart, Alexis"]
[Black "Aiglon, Nicolas"]
[Result "1-0"]
[WhiteElo "1953"]
[BlackElo "2029"]
[PlyCount "21"]
[EventDate "2006.10.26"]
[EventType "swiss"]
[EventRounds "9"]
[EventCountry "FRA"]
[SourceTitle "EXT 2007"]
[Source "ChessBase"]
[SourceDate "2006.11.23"]
[SourceVersion "1"]
[SourceVersionDate "2006.11.23"]
[SourceQuality "1"]

1. e4 c5 2. Nc3 Nc6 3. f4 d6 4. Nf3 g6 5. Bc4 Bg7 6. d3 e6 7. f5 exf5 8. 0-0 Nge7 9. Qe1 0-0 10. Qh4 Kh8 11. Ng5 1-0

[Event "Paris-ch opA"]
[Site "Paris"]
[Date "2004.07.03"]
[Round "1"]
[White "Annenkov, Kirill"]
[Black "Acquart, Alexis"]
[Result "1-0"]
[WhiteElo "2271"]
[BlackElo "1930"]
[PlyCount "55"]
[EventDate "2004.07.03"]
[EventType "swiss"]
[EventRounds "9"]
[EventCountry "FRA"]
[SourceTitle "EXT 2005"]
[Source "ChessBase"]
[SourceDate "2004.11.15"]
[SourceVersion "1"]
[SourceVersionDate "2004.11.15"]
[SourceQuality "1"]

1. d4 Nf6 2. c4 g6 3. g3 Bg7 4. Bg2 d6 5. Nf3 0-0 6. 0-0 Nbd7 7. Qc2 e5 8. dxe5 Nxe5 9. Nxe5 dxe5 10. b3 c6 11. Ba3 Re8 12. Rd1 Nd7 13. Nc3 Bf8 14. Bxf8 Rxf8 15. Ne4 Qe7 16. Nd6 Nc5 17. b4 Ne6 18. Qe4 Ng7 19. b5 Nf5 20. c5 cxb5 21. Rac1 Nxd6 22. cxd6 Qe6 23. Qb4 Rd8 24. Bd5 Qe8 25. Rc7 Bd7 26. Bxb7 Rab8 27. Bd5 Kh8 28. Qh4 1-0